| 000 | 00359cam a2200145ua 4500 | ||
|---|---|---|---|
| 041 |
_ahin _h |
||
| 082 |
_a891.43 _bRAD/PU |
||
| 100 | _aRadhakrishnan, . | ||
| 245 |
_aPurav aur pariksha / _cRadhakrishnan. _hTextual Documents |
||
| 250 |
_aGeneral / _b. |
||
| 260 |
_a : _bEast and west , _c1963. |
||
| 300 | _a230 ; . | ||
| 942 | _cBK | ||
| 999 |
_c2569 _d2569 |
||